| 000 | 00733cam a2200217 a 4500 | ||
|---|---|---|---|
| 008 | 021108s2001 mx 000 0 spa u | ||
| 020 | _a9681209990 | ||
| 020 | _a9681209990 | ||
| 035 | _aa405301 | ||
| 050 | 0 | 0 |
_aNA7244 _bC37 2001 |
| 245 | 0 | 0 |
_aCasas, viviendas y hogares en la historia de México / _cRosalva Loreto López, coord. |
| 250 | _a1a ed. | ||
| 260 |
_aMéxico : _bEl Colegio de México, Centro de Estudios Históricos, _c2001. |
||
| 300 |
_a377 p. : _bils. ; _c22 cm. |
||
| 440 | _aCentro de Estudios Históricos | ||
| 504 | _aIncluye bibliografías | ||
| 650 | 1 | 0 |
_aCasas _zMéxico _xHistoria |
| 650 | 2 | 0 |
_aCiudades y pueblos _zMéxico _xHistoria |
| 700 | 1 | _aLoreto López, Rosalva, coord. | |
| 942 |
_2lcc _cLIB |
||
| 999 |
_c71551 _d71551 |
||